• 首页
  • 本馆介绍
  • 公告通知
  • 最新文献
  • 馆藏检索
  • 电子资源
  • 读者导购
  • 参考咨询
  • 我的图书馆
  • 登录
  • 详细信息显示
  • 放入我的书架
  • 预约/预借图书
  • 作者相关作品
  • 分类相关作品
  • 丛书相关作品
  • 出版社相关作品

书目信息

  • 表格格式
  • 工作单格式
  • 卡片格式
题名:
现代广告学
    
 
作者: 何修猛 编著
分册:  
出版信息: 上海   复旦大学出版社  2005
页数: 339页
开本: 23cm
丛书名: 博学·广告学系列
单 册:
中图分类: F713.80
科图分类:
主题词: 商业经济--国内
电子资源:
ISBN: 7-309-04300-6
000 00640nam0 2200229 450
001 0638126250
005 20070726082110.43
010    @a7-309-04300-6@dCNY32.00
100    @a20060314d2005 km y0chiy0120 ea
101 0  @achi
102    @aCN@b310000
200 1  @a现代广告学@Axian dai guang gao xue@f何修猛编著@Fhe xiu meng bian zhu
205    @a6版
210    @a上海@c复旦大学出版社@d2005
215    @a339页@d23cm
225    @a博学·广告学系列
410  0 @12001 @a博学·广告学系列
606 0  @a商业经济@x国内
690    @aF713.80@v4
701  0 @a何修猛@Ahe xiu meng@4编著
801  0 @aCN@bPFT@c20070726
905    @a10447@dF713.80@e119=6
    
    现代广告学/何修猛编著.-6版.-上海:复旦大学出版社,2005
    339页;23cm.-(博学·广告学系列)
    
    
    ISBN 7-309-04300-6:CNY32.00
    
●
相关链接 在E读中查询图书 在五车中查询图书 在当当中查询图书 在豆瓣中查询图书


正题名:现代广告学     索取号:F713.80/119=6         预约/预借

序号 登录号 条形码 馆藏地/架位号 状态 备注
1 0775162   207751627   密集书库/ [索取号:F713.80/119=6] 在馆    
2 0778003   207780034   密集书库/ [索取号:F713.80/119=6] 在馆    
3 0778487   207784879   密集书库/ [索取号:F713.80/119=6] 在馆    
4 0778506   207785066   密集书库/ [索取号:F713.80/119=6] 在馆    
5 0778703   207787037   密集书库/ [索取号:F713.80/119=6] 在馆    
6 0778740   207787402   密集书库/ [索取号:F713.80/119=6] 在馆    
7 0778786   207787867   密集书库/ [索取号:F713.80/119=6] 在馆    
8 0778795   207787956   密集书库/ [索取号:F713.80/119=6] 在馆    
9 0779072   207790728   密集书库/ [索取号:F713.80/119=6] 在馆    
10 0779212   207792129   密集书库/ [索取号:F713.80/119=6] 在馆    
11 0779586   207795867   密集书库/ [索取号:F713.80/119=6] 在馆    
12 0779587   207795876   密集书库/ [索取号:F713.80/119=6] 在馆    
13 0779884   207798846   密集书库/ [索取号:F713.80/119=6] 在馆    
14 0788552   207885528   密集书库/ [索取号:F713.80/119=6] 在馆    
15 0788579   207885797   密集书库/ [索取号:F713.80/119=6] 在馆    
唐山师范学院图书馆 欢迎您!
大连网信软件有限公司© 版权所有